000 01587nam0a2200373 4500
001 RU\NLR\bibl\1164469
005 20260405142050.0
010 _a978-5-9524-3104-1
_95000
021 _aRU
_b2007-70768
_93802
035 _a(nilc)RSL-KNO-003331246
035 _a(NLR Aleph) 001151188
090 _a1478655
_c1478655
100 _a20071025d2007 |||y0rusy50 ca
101 0 _arus
102 _aRU
105 _ay |||||||||
200 1 _aБросить курить раз и навсегда
_f[сост. Е.Г. Берсеньева]
210 _aМосква
_cЦентрполиграф
_d2007
215 _a174, [1] с.
_d20
606 1 _aКурение
_xБорьба с ним
_91414111
_3RU\NLR\auth\66596172
610 0 _aСоциология -- Социологический анализ отклоняющегося поведения. Социальная дезорганизация
610 0 _aЗдравоохранение. Медицинские науки -- Отравления -- Отравление растительными ядами -- Табак -- Популярные издания
610 0 _aтабакокурение
686 _aС555.8,0
_2rubbk
686 _aР419.491Табак.я9
_2rubbk
686 _aР120.482.2
702 1 _4220
_8rus
_7ca
_aБерсеньева
_bК. Г.
_gКатарина Геннадьевна
_3RU\NLR\auth\7758048
_940980
801 0 _aRU
_bРКП
_c20071025
_grcr
801 1 _aRU
_bРГБ
_c20071025
801 2 _aRU
_bNLR
_c20071206
_grcr
942 _cBOOK
980 _aNB